000 00744nam a2200217 a 4500
001 000042126
005 20201002035945.0
008 131114s2009 gt r 000 0 spa d
020 _a9789992212783
040 _aDO-SdBNP
_bspa
_cBNPHU
082 _axxxx
_axxxx
100 1 _aMonteforte Toledo, Mario.
_969115
245 1 0 _aAnaité /
_cMario Monteforte Toledo; edición José Luis Perdomo Orellana.
260 _aGuatemala :
_bFundación Maria Monteporte Toledo,
_c2009.
300 _a163 p. ;
_c22 cm.
490 1 _aMario Monteforte Toledo
_v1
590 _aInventariado, 2019/BT
700 1 _aPerdomo Orellana, José Luis,
_eed.
_969116
710 2 _aFundación Maria Monteporte Toledo
_969117
830 0 _aMario Monteforte Toledo
_n1
_969128
999 _c41615
_d41615